Statistics for Movie Cameos Quiz

Click here to take the quiz!

General Stats

  • This quiz has been taken 20,421 times
    (13,359 since last reset)
  • The average score is 9 of 21

Answer Stats

MovieClueCameo% Correct
The HangoverOwner of a tigerMike Tyson
82%
(various Marvel movies)Comic book tycoonStan Lee
73%
Happy GilmoreThe price is wrong!Bob Barker
68%
(39 different movies)Director with a famous silhouetteAlfred Hitchcock
64%
ZombielandPretends to be a zombie, gets shotBill Murray
61%
Teenage Mutant Ninja Turtles 2White rapper: Go ninja, go ninja, go!Vanilla Ice
55%
Tropic ThunderMovie mogul Les GrossmanTom Cruise
48%
Wedding CrashersFuneral crasherWill Ferrell
44%
Harold & Kumar Go to White CastleHitchhiking TV starNeil Patrick Harris
44%
AirplaneVery tall co-pilotKareem Abdul Jabbar
43%
Ace VenturaLaces out!Dan Marino
40%
DodgeballDidn't quit when he had brain, lung
and testicular cancer
Lance Armstrong
39%
Pirates of the Caribbean: At World's EndJack Sparrow's dadKeith Richards
39%
ScreamMurdered in the opening sceneDrew Barrymore
36%
AnchormanHe punts BaxterJack Black
36%
AnchormanCómo están, *****!
Spanish Language News is here
Ben Stiller
36%
Pulp FictionSmuggled a gold watch in VietnamChristopher Walken
35%
DogmaGod is a womanAlanis Morissette
31%
The Other GuysBaseball star gets shot by Marky MarkDerek Jeter
29%
Robin Hood: Prince of ThievesRichard the LionheartSean Connery
25%
ZoolanderWalk-off judgeDavid Bowie
21%

Score Distribution

Percentile by Number Answered

Percent of People with Each Score

Your Score History

You have not taken this quiz since the last reset